Manufacturing Systems Engineering / (Record no. 2334)

MARC details
000 -LEADER
fixed length control field 00451nam a2200145 a 4500
020 ## - INTERNATIONAL STANDARD BOOK NUMBER
ISBN 0230638694 (paperback)
020 ## - INTERNATIONAL STANDARD BOOK NUMBER
ISBN 9780230638693 (paperback)
100 1# - MAIN ENTRY--AUTHOR NAME
Personal name Bhadury., Bikash.
245 10 - TITLE STATEMENT
Title Manufacturing Systems Engineering /
260 ## - PUBLICATION, DISTRIBUTION, ETC. (IMPRINT)
Place of publication New Delhi:
Name of publisher McMillan Publishers,
Year of publication 2009.
300 ## - PHYSICAL DESCRIPTION
Number of Pages 1 v. (unpaged)
650 ## - SUBJECT ADDED ENTRY--TOPICAL TERM
Topical Term Manufacturing Engineering
856 40 - ELECTRONIC LOCATION AND ACCESS
Uniform Resource Identifier http://www.amazon.com/exec/obidos/ASIN/0230638694/chopaconline-20
942 ## - ADDED ENTRY ELEMENTS (KOHA)
Koha item type Books
Holdings
Withdrawn status Lost status Collection code Home library Current library Date acquired Cost, normal purchase price Full call number Accession Number Koha item type
    Reference Reference Section Reference Section 10/05/2014 793.00 658.520BHA (Shelf -89A) 35865 Books